Quizzes
Events
Quiz Creation
Community
Videos
Private Events
Remove Ads
Sign In
Join for FREE
Feedback
Dark Mode
Quiz Categories
Sports
Geography
Music
Movies
Television
Just For Fun
Miscellaneous
History
Literature
Language
Science
Gaming
Entertainment
Religion
Holiday
For Kids
Quiz Lab
Recent
Popular Today
Quiz Kudos Today
Editor Picks
Curator Picks
Quizzes by...
Day
Popularity
Type
Ratings
Length
Year
Community
Subscriptions
Recent Discussions
Orange Saloon
Badges
Playlists
Quests
Create
Leaderboards
Showdown
Live 5
Trivia Bingo
Activity
Puzzle Library
Sporcle Events
Private Events
Virtual Trivia
Globe League
Become a Host
Pub Owners
SporcleCon
Opinionation
Our Games
Videos
Blog
Mobile Apps
Partnerships
Remove Ads and Go Orange
Feedback
Entertainment
Celebrity
Famous
Musical
Broadway
Show
Quote
Comic Books
Anime
Superhero
DC Comics
Marvel
Cartoons
Animation
Entertainment
Celebrity
Famous
Musical
Broadway
Show
Quote
Comic Books
Anime
Superhero
DC Comics
Marvel
Cartoons
Animation
Random Quiz
Search Sporcle
×
Quiz Lab
Quiz Lab
Entertainment
Comic Books
Type in answers that appear in a list
Type in answers that appear in a list
Classic
Best Score? Go Orange.
Many Versions of The Sinister Six Stats
Can you name the members of the many incarnations of The Sinister Six?
By
EFreak11
10m
42 Questions
359 Plays
359 Plays
359 Plays
Comments
Comments
Give Quiz Kudos
Give Quiz Kudos
-
- Ratings
hide this ad
Replay
Link that replays current quiz
Next Quiz
Link to next quiz in quiz playlist
You Got
0%
They Got
Avg Score
86%
Avg Friend Score
Upgrade to see
Score Distribution
Jump to the score distribution portion of the page
Score
0/42
Timer
10:00
0
Plays Today
Hint
Answer
% Correct
Spider-
Man: The Animated Series
Doctor Octopus
96.7%
The Spectacular Spider-
Man
Doctor Octopus
96.7%
Ultimate Spider-
Man
Doctor Octopus
96.7%
Spider-
Man Unlimited
Doctor Octopus
96.7%
Marvel: Avengers Alliance
Doctor Octopus
96.7%
Spider-
Man: Return of the Sinister Six
Doctor Octopus
96.7%
Spider-
Man: The Animated Series
Mysterio
95%
Spider-
Man Unlimited
Mysterio
95%
Marvel: Avengers Alliance
Mysterio
95%
Spider-
Man: Return of the Sinister Six
Mysterio
95%
Spider-
Man Unlimited
Green Goblin
93.3%
The Spectacular Spider-
Man
Sandman
92.5%
Spider-
Man Unlimited
Sandman
92.5%
Spider-
Man: Return of the Sinister Six
Sandman
92.5%
The Spectacular Spider-
Man
Electro
91.9%
Ultimate Spider-
Man
Electro
91.9%
Spider-
Man Unlimited
Electro
91.9%
Marvel: Avengers Alliance
Electro
91.9%
Spider-
Man: Turn Off the Dark
Electro
91.9%
Spider-
Man: Return of the Sinister Six
Electro
91.9%
Spider-
Man: The Animated Series
Rhino
91.6%
Hint
Answer
% Correct
The Spectacular Spider-
Man
Rhino
91.6%
Ultimate Spider-
Man
Rhino
91.6%
The Spectacular Spider-
Man
Vulture
91.1%
Ultimate Spider-
Man
Kraven the Hunter
91.1%
Spider-
Man Unlimited
Vulture
91.1%
Marvel: Avengers Alliance
Vulture
91.1%
Marvel: Avengers Alliance
Kraven the Hunter
91.1%
Spider-
Man: Turn Off the Dark
Kraven the Hunter
91.1%
Spider-
Man: Return of the Sinister Six
Vulture
91.1%
Spider-
Man: The Animated Series
Shocker
87.2%
The Spectacular Spider-
Man
Shocker
87.2%
Ultimate Spider-
Man
Lizard
82.7%
Marvel: Avengers Alliance
Lizard
82.7%
Spider-
Man: Turn Off the Dark
Lizard
82.7%
Spider-
Man: Return of the Sinister Six
Hobgoblin
78.3%
Spider-
Man: Turn Off the Dark
Carnage
77.4%
Spider-
Man: The Animated Series
Chameleon
76.3%
Spider-
Man: The Animated Series
Scorpion
76.3%
Ultimate Spider-
Man
Beetle
57.9%
Spider-
Man: Turn Off the Dark
Swarm
30.4%
Spider-
Man: Turn Off the Dark
Swiss Miss
26.2%
Quiz Playlist
Details
Report
Send in Message
Add To Playlist
Classic:
Type in answers that appear in a list
Last Updated: Jun 2, 2017
Quiz Scoreboard
CHALLENGE
Sign Up to Join the Scoreboard
Show All
Scores
Hide
Comments
May contain spoilers
Recently Published
Presidents Visiting Landmarks
by Hejman
History
7m
An Introduction to Baseball
by treessimontrees
Sports
5m
Movies - When Are They Set?
by FPL_Elf
Movies
5m
More to Explore
Quiz From the Vault
Featured Blog Post
Where Did the Easter Bunny Come From?
hide this ad
You Might Also Like...
Tags
Comic Books Quiz
Marvel Quiz
Villains
Today's Top Quizzes in Entertainment
Browse Entertainment
hide this ad
Today's Top Quizzes in Comic Books
Browse Comic Books
Top Contributed Quizzes in Entertainment
1
7-to-1: DC Comics Villains
2
Kamen Rider Motifs
3
Dragon Ball Z: Goku's Fights in Order
4
Marvel Characters Bunker
5
Eurovision 2023 Logic Puzzle
6
Dragon Ball Z: Mega Character Search
7
Criteria Quickie: Cartoon Taxonomy II
8
Fictional Villains Letter U Blitz
9
Sorting Pictures: Villains
10
Who Wants to Be a Millionaire: Anime Edition
Explore More
Trending Topics
Crossword
Disney
Anime
Kpop
Harry Potter
NBA
Marvel
Puzzle
Pokémon
The Office
NFL
Song
WWE
Soccer
Country
hide this ad
More By:
EFreak11
Quiz
Plays
Rating
Category
Featured
Created
Top 100 Most Popular DC Comics Characters
2,007
3.50
Entertainment
Nov 4, 2016
Batman Villains in Video Games
1,068
4.75
Gaming
Aug 19, 2017
Batman Rogues Gallery
1,010
4.25
Entertainment
Mar 7, 2016
Planets Seen or Visited in Star Wars: The Clone Wars
530
4.00
Television
Oct 2, 2017
X-Men Members
480
4.20
Literature
Mar 2, 2016
Go to Creator's Profile
Score Distribution
Quiz Creator Spotlight
EFreak11
Follow
Send a Message
Quizzes Created
-
Created Quiz Play Count
-
More By This Creator
Popular Quizzes Today
1
Find the US States - No Outlines Minefield
2
Find the Countries of Europe - No Outlines Minefield
3
The Countries of the World
4
Find the US States
5
Popular People in 1961
6
US States
7
Risky Map Clicking: Biggest States A-Z
8
1-10 Letter E Words III
More Entertainment Quizzes
Public Domain Characters
Editor's Pick
Trending Quizzes
Risky Map Clicking: Least Populous States A-Z
1-10 Letter G Words
1-10 Letter F Words
One Thing in Common: United Kingdom
Risky Map Clicking: Next State Alphabetically
Recently Updated
Leaping Animals
pecheneg
Reality TV Shows (A-Z)
bhenderson79
Rickey Henderson's Hall of Fame Teammates
pecheneg
Champions League XIs: Arsenal
pecheneg
Quick Pick: Celebrities in WWE's Hall of Fame
aduchscher
A-Z Keypad Blitz II
pecheneg
Multiple Oscar Actors
pecheneg
Mystery Phrase Blitz: Oscar 'Best Actors'
pecheneg
F. Scott Fitzgerald Novels
LTH
Pick 3 Villains
ddd62291
Trending Topics
Marvel
Crossword
Kpop
Disney
NBA
Harry Potter
Anime
Song
Pokémon
The Office
NFL
Puzzle
Country
Soccer
WWE
Your Account Isn't Verified!
In order to create a playlist on Sporcle, you need to verify the email address you used during registration. Go to your
Sporcle Settings
to finish the process.
Report this User
Report this user for behavior that violates our
Community Guidelines
.
Details:
Send Report
Go to the Sporcle.com Mobile Site →
Comments